Filosofía del lenguaje
Salvato in:
| Natura: | Libro |
|---|---|
| Lingua: | spagnolo |
| Pubblicazione: |
Madrid
Trotta
1998
|
| Edizione: | 1a. ed |
| Serie: | Enciclopedia Iberoamericana de Filosofía, 16-18
|
| Soggetti: | |
| Tags: |
Aggiungi Tag
Nessun Tag, puoi essere il primo ad aggiungerne!!
|
MARC
| LEADER | 00000nam a2200000 a 4500 | ||
|---|---|---|---|
| 001 | UCK2160 | ||
| 003 | CL-VaPUC | ||
| 008 | 041223e19980000SP |||||||||||||||||spa|d | ||
| 020 | |a 8487699480 | ||
| 020 | |a 8481642452 | ||
| 020 | |a 8481643335 | ||
| 082 | 0 | 4 | |a 401 |b FIL |2 21 |
| 245 | 1 | 0 | |a Filosofía del lenguaje |
| 250 | |a 1a. ed | ||
| 300 | |a v | ||
| 942 | |c BK | ||
| 945 | |d 20041223 00:00:00 |a vberengu | ||
| 260 | |a Madrid |b Trotta |c 1998 | ||
| 500 | |a v.1: Semántica | ||
| 500 | |a v.2: Pragmática | ||
| 650 | 0 | |a Lingüística |9 265068 | |
| 650 | 0 | |a Filosofía del lenguaje |9 257082 | |
| 650 | 0 | |a Semántica |9 265318 | |
| 583 | |a last modification |c 20041223 00:00:00 |k Rodrigo Vera | ||
| 490 | 0 | |a Enciclopedia Iberoamericana de Filosofía, 16-18 | |
| 999 | |c 311779 |d 311777 | ||
| 952 | |0 0 |1 0 |4 0 |6 401_000000000000000_FIL_1998 |7 0 |8 A |9 381420 |a FDOPOS |b FDOPOS |d 2019-11-21 |h v.1 |i 4089685 |o 401 FIL 1998 |p 4089685 |r 2025-01-22 |w 2019-11-21 |y BK |k MLA | ||
| 952 | |0 0 |1 0 |4 0 |6 401_000000000000000_FIL_1998 |7 0 |8 A |9 381421 |a FDOPOS |b FDOPOS |d 2019-11-21 |h v.2 |i 4089693 |o 401 FIL 1998 |p 4089693 |r 2025-01-22 |w 2019-11-21 |y BK |k MLA | ||
| 952 | |0 0 |1 0 |4 0 |6 401_000000000000000_FIL_1998 |7 0 |8 A |9 381422 |a FDOPOS |b FDOPOS |d 2019-11-21 |h v.2 |i 4312651 |o 401 FIL 1998 |p 4312651 |r 2025-01-22 |w 2019-11-21 |y BK |k MLA | ||